Electric circuit theory / (Record no. 3269)

000 -LEADER
fixed length control field 00440nam a22001577a 4500
008 - FIXED-LENGTH DATA ELEMENTS--GENERAL INFORMATION
fixed length control field 200324b ||||| |||| 00| 0 eng d
082 00 - DEWEY DECIMAL CLASSIFICATION NUMBER
Classification number 621.38132
Item number A793
100 ## - MAIN ENTRY--PERSONAL NAME
9 (RLIN) 2779
Personal name Arumugam, M.
245 10 - TITLE STATEMENT
Title Electric circuit theory /
250 ## - EDITION STATEMENT
Edition statement 1st ed.
260 ## - PUBLICATION, DISTRIBUTION, ETC. (IMPRINT)
Place of publication, distribution, etc Delhi
Name of publisher, distributor, etc Khanna Publications
Date of publication, distribution, etc 1979
300 ## - PHYSICAL DESCRIPTION
Extent 349 p.
650 #0 - SUBJECT ADDED ENTRY--TOPICAL TERM
Topical term or geographic name as entry element Electric circuits
700 ## - ADDED ENTRY--PERSONAL NAME
9 (RLIN) 2780
Personal name Premakumaran, N.
942 ## - ADDED ENTRY ELEMENTS (KOHA)
Item type Books
Holdings
Withdrawn status Lost status Source of classification or shelving scheme Damaged status Not for loan Permanent location Current location Date acquired Total Checkouts Full call number Barcode Date last seen Date last borrowed Koha item type
          IMU Kolkata IMU Kolkata 2020-03-24 1 621.38132 A793 05500 2022-11-25 2022-05-04 Books
Designed and Maintained by IMU-KC Library, Kolkata Campus © Copyright All Rights Reserved

webs counters

Powered by Koha